Statistics for Countries where the Wagner Goup has Operated

Click here to take the quiz!

General Stats

  • This quiz has been taken 55 times
  • The average score is 14 of 21

Answer Stats

HintAnswer% Correct
Ukraine
98%
Russia
89%
Mali
84%
AllegedBelarus
82%
Sudan
82%
Syria
80%
AllegedDemocratic Republic of the Congo
78%
Central African Republic
73%
AllegedBurkina Faso
69%
AllegedChad
69%
Libya
69%
AllegedMoldova
64%
AllegedGuinea
62%
AllegedAngola
60%
AllegedNagorno-Karabakh
58%
Mozambique
56%
AllegedZimbabwe
56%
AllegedGuinea-Bissau
53%
Venezuela
49%
Madagascar
44%
AllegedNew Zealand
16%

Score Distribution

Percentile by Number Answered

Percent of People with Each Score

Your Score History

You have not taken this quiz